1475 1853 1013 1627 1324 1220 1711 1626 1764 1553 1322 1230 1686 1112 1042 1461 1633 1895 1412 1496 1448 1247 1782 1923 1156 1976 1173 1819 1651 1817 1734 1211 1591 1012 1627 1740 1225 1233 1860 1552 1632 1494 1734 1664 1244 1079 1758 1345 1396 1352 1867 1097 1079 1098 1487 1956 1178 1924 1763 1297 1068 1985 1667 1175 1687 1085 1620 1645 1514 1640 1393 1120 1044 1483 1632 1814 1156 1525 1128 1886 1228 1370 1154 1548 1759 1670 1784 1724 1834 1636 1987 1164 1248 1967 1390 1193 1823 1466 1578 BCNSPRNW ULIB Ver.6.0+V

เปลี่ยนเป็นภาษาไทย

Change to English
 แสดงรายละเอียดบรรณานุกรม
  กลับหน้าหลัก

Brief Record : Get Marc (ISO 2709) : E-mail record : QR code < ปิดหน้าต่าง
LEADER : 00000nam 2200000uu 4500
001    13399121032
003     ULIB
008    121031s2541||||th 000 0 tha d
020    9747377578
050  0 CT203.T3^bว551ด
100 0  พลตรีหลวงวิจิตรวาทการ
245 00 ดวงหน้าในอดีต^bพลตรีหลวงวิจิตรวาทการ
250    พิมพ์ครั้งที่ 8
260    กรุงเทพฯ:^bสร้างสรรค์^c2541
945    ^p170^l0^i011931
995    เกษร
999    ^aวิภา
รายการนี้ยังไม่มีแท็ก
คุณยังไม่ได้ล็อกอิน คุณสามารถมีกิจกรรมร่วมกับเว็บไซต์ได้ แต่ต้องล็อกอินก่อน ::
  ล็อกอิน

รายการสื่อสารสนเทศ

ลำดับที่ ประเภท เลขเรียก/บาร์โค้ด สถานที่ สถานะ
1. วิทยาศาสตร์การแพทย์ และสุขภาพ
วิทยาศาสตร์การแพทย์ และสุขภาพ
CT203.T3 ว551ด  
  Barcode: 011931
ห้องสมุดวิทยาเขตสวรรค์ประชารักษ์
►หนังสือทั่วไป
บนชั้น

BibComment


ยังไม่เคยถูกคอมเมนท์

คอมเมนท์ทรัพยากรรายการนี้
  คอมเมนท์: ดวงหน้าในอดีต พลต..


 Copyright 2026. Bcnsprnw @Library